Statistics for Geography this or that

Click here to take the quiz!

General Stats

  • This quiz has been taken 73 times
  • The average score is 10 of 15

Answer Stats

QuestionAnswer% Correct
Country with most FIFA World Cup titlesBrazil
89%
Biggest coffee producerBrazil
83%
City where Jesus Christ is born according to the BibleBethlehem
81%
Country with the most muslimsIndonesia
78%
The name of the country means "black mountain"Montenegro
78%
African country with the longest coastlineMadagascar
73%
A car manufacturer Nissan is from this countryJapan
72%
A U.S. state with bigger percentage of immigrantsFlorida
69%
Has had 25 presidentsFrance
69%
South American country with the southernmost pointChile
59%
Disputed territory located between Russia and GeorgiaAbkhazia
53%
Smaller by populationAndorra
53%
This city had a population of more than 600 000 in the 16th centuryBeijing
50%
City that got destroyed by the atomic bomb "Fat man"Nagasaki
44%
Country with more islandsCanada
42%

Score Distribution

Percentile by Number Answered

Percent of People with Each Score

Your Score History

You have not taken this quiz